000 00756nam a2200169 a 4500
008 061116s2005 xx |||||||||||||| || u
050 _aTHESIS
100 _aNgulube, Isaac
245 1 0 _aPavement evaluation
_cthesis supervised by J.K. Mwanza
246 _aan investigation of the performance of Katimamulilo Road, Lusaka since rehabilitation in 1998
260 _a
_bSchool of Built Environment, Department of Civil Engineering and Construction
_c2005
350 _a0.00
650 _aCIVIL ENGINEERING
650 _aENGINEERING
650 _aPavements - Design and construction - Zambia
995 _D0.00
_FCBU-MAIN LIBRARY (Kitwe)
_H1
_I0.00
_M1
_UAVAILABLE
_WNov 16, 2006
_ZUniversity Collection
999 _c53225
_d53225